ბათუმის შოთა რუსთაველის სახელმწიფო უნივერსიტეტის ბიბლიოთეკა

Общая и неорганическая химия.Современный курс (ბიბ.ჩანაწერი № 42870)

000 -LEADER
fixed length control field 00649nam a2200229Ia 4500
001 - CONTROL NUMBER
control field 9578
003 - CONTROL NUMBER IDENTIFIER
control field GE_BSU
008 - FIXED-LENGTH DATA ELEMENTS--GENERAL INFORMATION
fixed length control field 181216s||||||||xx |||||||||||||| ||und||
020 ## - INTERNATIONAL STANDARD BOOK NUMBER
International Standard Book Number 9785991617901
040 ## - CATALOGING SOURCE
Transcribing agency GE_BSU
080 ## - UNIVERSAL DECIMAL CLASSIFICATION NUMBER
Universal Decimal Classification number 54
100 ## - MAIN ENTRY--PERSONAL NAME
Personal name Росин,И.В. Томина,Л.Д.
245 ## - TITLE STATEMENT
Title Общая и неорганическая химия.Современный курс
245 ## - TITLE STATEMENT
Remainder of title Уч-к для бакалавров
260 ## - PUBLICATION, DISTRIBUTION, ETC.
Place of publication, distribution, etc. Москва
260 ## - PUBLICATION, DISTRIBUTION, ETC.
Name of publisher, distributor, etc. Юрайт
260 ## - PUBLICATION, DISTRIBUTION, ETC.
Date of publication, distribution, etc. 2012
300 ## - PHYSICAL DESCRIPTION
Extent 1338стр.21см.
653 ## - INDEX TERM--UNCONTROLLED
Uncontrolled term Общая и неорганическая химия.
942 ## - ADDED ENTRY ELEMENTS (KOHA)
Koha item type წიგნი
ეგზემპლარები
Withdrawn status Lost status Damaged status Not for loan Date acquired Barcode Date last seen Price effective from Koha item type
        2018-12-17 32671 2018-12-17 2018-12-17 წიგნი
        2018-12-17 32672 2018-12-17 2018-12-17 წიგნი
        2018-12-17 32673 2018-12-17 2018-12-17 წიგნი